Scenes of wonder (Grade 5, level 11, unit 1). (Record no. 105212)
[ view plain ]
| 000 -LEADER | |
|---|---|
| fixed length control field | 00455nam a2200157 a 4500 |
| 005 - DATE AND TIME OF LATEST TRANSACTION | |
| control field | 20140412111347.0 |
| 008 - FIXED-LENGTH DATA ELEMENTS--GENERAL INFORMATION | |
| fixed length control field | 050421s19uu xx 00 eng d |
| 020 ## - INTERNATIONAL STANDARD BOOK NUMBER | |
| International Standard Book Number | 0-02-181179-2 |
| 050 ## - LIBRARY OF CONGRESS CALL NUMBER | |
| Classification number | TR(GS 372.4 |
| Item number | Sc1 1997 |
| 245 ## - TITLE STATEMENT | |
| Title | Scenes of wonder (Grade 5, level 11, unit 1). |
| 260 ## - PUBLICATION, DISTRIBUTION, ETC. (IMPRINT) | |
| Place of publication, distribution, etc | New York : |
| Name of publisher, distributor, etc | Macmillan/McGraw-Hill, |
| Date of publication, distribution, etc | 1997. |
| 300 ## - PHYSICAL DESCRIPTION | |
| Extent | 117 p. ; ill. |
| 650 ## - SUBJECT ADDED ENTRY--TOPICAL TERM | |
| Topical term or geographic name as entry element | Reading readiness |
| General subdivision | Study and teaching |
| Withdrawn status | Lost status | Damaged status | Home library | Current library | Shelving location | Date acquired | Source of acquisition | Total Checkouts | Full call number | Barcode | Date last seen | Price effective from | Koha item type |
|---|---|---|---|---|---|---|---|---|---|---|---|---|---|
| Elizalde Library | Elizalde Library | Teachers Reference Section | 04/21/2005 | TR(GS 372.4 Sc1 1997 | E9626 | 04/12/2014 | 04/12/2014 | Books | |||||
| Elizalde Library | Elizalde Library | Teachers Reference Section | 04/21/2005 | TR(GS 372.4 Sc1 1997 | E9625 | 04/12/2014 | 04/12/2014 | Books |